| 000 | 00843nam a2200205 a 4500 | ||
|---|---|---|---|
| 001 | 82128 | ||
| 003 | BD-RjUL | ||
| 005 | 20231016152442.0 | ||
| 008 | 231016s1932 i ||||| |||| 00| 0 per d | ||
| 035 | _a(BD-RjUL)82128 | ||
| 040 |
_aBD-RjUL _beng _cBD-RjUL |
||
| 041 | _aper | ||
| 082 |
_223 _a297.5 _bASM 1932 |
||
| 100 |
_aAṣg̲h̲ar, Rājesvar Rāʼo. _99585 |
||
| 245 | 1 | 0 |
_aمحبوب الاخلاق، ترجمۂ اردو اخلاق محسنى / Maḥbūb al-ak̲h̲lāq, tarjamah-yi Urdū-yi Ak̲h̲lāq-i muḥsinī / _cمترجمۂ راجہ راجىشور راؤ اصغر ..., Rājesvar Rāʼo. Aṣg̲h̲ar, Ḥusayn Vāʻiẓ Kāshifī / mutarjamah-yi Rājah Rājeshvar Rāʼo Aṣg̲h̲ar ... |
| 260 |
_a Lakhnaʼū: _b نول کشور،,, _c1932 |
||
| 650 | _aIslamic philosophy | ||
| 650 | _aIslamic ethics | ||
| 942 |
_2ddc _cBK |
||
| 999 |
_c82128 _d82128 |
||